The Demand for Imports and Exports in the World Economy /

Bibliographic Details
Main Author: Sawyer, W. Charles (Author)
Format: Book
Published: ♭.
Edition:1st edition.
Subjects:
LEADER 00887cam a2200277 7i4500
001 0000036616
005 20210504090000.0
007 ##ta
008 210504s2019 my eng
020 # # |a 9781138349650  
040 # # |a MATR 
090 0 0 |a B 382.09045   |b SAW 
100 1 # |a Sawyer, W. Charles   |e author  
245 1 0 |a The Demand for Imports and Exports in the World Economy /   |c W. Charles Sawyer, Richard L. Sprinkle. 
250 0 0 |a 1st edition. 
264 # 4 |a ♭. 
264 # 0 |a London:   |b Routledge,   |c 2019. 
300 # # |a vi, 198 pages:   |b illustrations;   |c 22 cm. 
336 # # |a text  |2 rdacontent 
337 # # |a unmediated  |2 rdamedia 
338 # # |a volume  |2 rdacarrier 
504 # # |a Includes bibliographical references and index 
650 1 0 |a Imports --   |x Statistics  
650 2 0 |a Elaticity (Economics)  
650 2 0 |a Exports --   |x Statistics  
999 |a B000041297  |b Book  |c Book  |e Business Information Centre